00656nam a2200193 a 4500008004100000020002200041100003300063245011200096260005600208300003500264504004100299500002000340650002400360650002600384650002500410003000100435005001700436040000900453  a0131193236 (pbk.)1 aCorvette, Barbara A. Budjac.10aConflict management :ba practical guide to developing negotiation strategies/cBarbara A. Budjac Corvette. aUpper Saddle River bPearson Prentice Hall,c2006.  axxiii, 306 p :bill. ;c23 cm. aIncludes bibliographical references. aIncludes index. aStrategic planning. aNegotiation business. 1aConflict management.20230123125424.0 cNUST